000 00322nam a2200145Ia 4500
008 230718s9999 xx 000 0 und d
041 _aEng.
082 _a340
_bPAK-T
100 _aPakistan
245 4 _aThe Law Notes
260 _aPakistan
_bPakistan Law digist
_c2019
300 _a626
650 _aLaw
999 _c32877
_d32877